LEADER 00796nab a2200157 i 4500 001 000000287174 003 CaOOAMICUS 005 20180831165345.0 008 180831n xx uu u0 0und r 013 $a40874 040 $aSeMil$bita 100 1 $aWurster, Veronika.$0(OLS)http://semarc/name/84522 245 10$aTaufsymbole im Kirchenraum erleben, sich für das Geschenk der Taufe öffnen. - 15 p. :$bill. - Titolo principale dalla copertina. - [Materialbrief RU primarstufe]. 500 $a2012/3. 773 0 $tPraxisbeilage der katechetischen Blätter [2012].$dMünchen : Kösel, 2012.$w()241129 996 $6245$aTaufsymbole im Kirchenraum erleben, sich für das Geschenk der Taufe öffnen. - 15 p. :$bill. - Titolo principale dalla copertina. - [Materialbrief RU primarstufe]$9(OLS)http://semarc/title/367556 LEADER 01350nam a2200265 i 4500 001 000000115536 003 CaOOAMICUS 005 20030523000000.0 008 030523s1997 it u000 u ita u 013 $a88225 040 $aSeMil$bita 240 00$aBibbia. Nuovo Testamento. Vangelo secondo Giovanni.$0(OLS)http://semarc/title/455506 245 10$aAl Vangéli ed nòster Sgnòur Gesù Crést secànd san Zvàn /$ctradotto in italiano e illustrato da Pietro Milizia ; presentazione di Giuseppe Stanzani. 260 $aBologna :$bDehoniana Libri,$ccopyr. 1997. 300 $a109 p. :$bill. ;$c24 cm. 500 $aIn preliminari : Dedica autografa del Traduttore. - Contiene : Bibliografia. - Fondo Card. C.M. Martini. 650 4$aBibbia. Nuovo Testamento. Vangelo secondo Giovanni - Traduzione bolognese .$0(OLS)http://semarc/subject/21171 700 1 $aStanzani, Giuseppe.$0(OLS)http://semarc/name/48166 700 1 $aMilizia, Pietro.$0(OLS)http://semarc/name/48165 850 $aSeMil 852 $aSeMil$W1$xVenegono$y1$m2W IV 21$j71050$B71050$CSeMilBibl$Z2$F103639 $81 941 1 $a4 961 $aOmaggio: Martini Card. Carlo Maria 996 $6245$aAl Vangéli ed nòster Sgnòur Gesù Crést secànd san Zvàn$9(OLS)http://semarc/title/169237 996 $6260$aBologna :$bDehoniana Libri$9(OLS)http://semarc/publisher/37286